| 000 | 00636nam a2200217 i 4500 | ||
|---|---|---|---|
| 001 | 18725 | ||
| 003 | ES-MaACL | ||
| 005 | 20230906151917.0 | ||
| 007 | t| | ||
| 008 | 020307s2001 sp ||||1| spa d | ||
| 020 | _a84-470-1589-0 | ||
| 080 | _a347.91/.95(460) | ||
| 245 | 0 | 0 |
_aComentarios a la Ley de enjuiciamiento civil / _cAndrés de la Oliva Santos... [et al.]. |
| 250 | _a1ª ed. | ||
| 260 |
_aMadrid : _bCivitas, _c2001. |
||
| 300 |
_a1491 p. ; _c25 cm. |
||
| 500 | _aIndice. | ||
| 650 | 4 |
_aProcedimiento civil- _zEspaña. _916420 |
|
| 700 | 1 |
_aOliva Santos, Andrés de la. _986741 |
|
| 852 |
_aES-MaACL _jL-25300 _bR.131302 |
||
| 999 |
_c18725 _d18725 |
||